|
|
|
|
| LEADER |
02379nam a2200589 a 4500 |
| 001 |
nkc20102096769 |
| 003 |
CZ PrNK |
| 005 |
20100708123904.0 |
| 007 |
ta |
| 008 |
100415s2010 xr f 001 0 cze |
| 015 |
|
|
|a cnb002096769
|
| 020 |
|
|
|a 978-80-7400-307-3
|q (brož.)
|
| 035 |
|
|
|a (OCoLC)649801281
|
| 040 |
|
|
|a ABA001
|b cze
|d BOA001
|
| 043 |
|
|
|a e-xr---
|a e------
|
| 072 |
|
7 |
|a 346
|x Hospodářské právo
|2 Konspekt
|9 16
|
| 080 |
|
|
|a 346.546
|2 MRF
|
| 080 |
|
|
|a 334.753
|2 MRF
|
| 080 |
|
|
|a 347.733
|2 MRF
|
| 080 |
|
|
|a 34.03:351.74
|2 MRF
|
| 080 |
|
|
|a (437.3)
|2 MRF
|
| 080 |
|
|
|a (4)
|2 MRF
|
| 080 |
|
|
|a (048.8:082)
|2 MRF
|
| 100 |
1 |
|
|a Petr, Michal,
|d 1977-
|7 xx0041878
|4 aut
|
| 245 |
1 |
0 |
|a Zakázané dohody a zneužívání dominantního postavení v ČR /
|c Michal Petr a kolektiv
|
| 250 |
|
|
|a Vyd. 1.
|
| 260 |
|
|
|a V Praze :
|b C.H. Beck,
|c 2010
|
| 300 |
|
|
|a xvii, 607 s. ;
|c 23 cm
|
| 490 |
1 |
|
|a Beckova edice právní instituty
|
| 504 |
|
|
|a Obsahuje bibliografii, bibliografické odkazy a rejstřík
|
| 650 |
0 |
7 |
|a právo hospodářské soutěže
|7 ph115916
|z Česko
|2 czenas
|
| 650 |
0 |
7 |
|a právo hospodářské soutěže
|7 ph115916
|z země Evropské unie
|2 czenas
|
| 650 |
0 |
7 |
|a kartely
|7 ph134661
|z Česko
|2 czenas
|
| 650 |
0 |
7 |
|a zneužití dominantního postavení
|7 ph521130
|z Česko
|2 czenas
|
| 650 |
0 |
7 |
|a prosazování práva
|7 ph450996
|z Česko
|2 czenas
|
| 650 |
0 |
7 |
|a prosazování práva
|7 ph450996
|z země Evropské unie
|2 czenas
|
| 650 |
0 |
9 |
|a competition law
|z Czechia
|2 eczenas
|
| 650 |
0 |
9 |
|a competition law
|z European Union countries
|2 eczenas
|
| 650 |
0 |
9 |
|a cartels
|z Czechia
|2 eczenas
|
| 650 |
0 |
9 |
|a abuse of dominance
|z Czechia
|2 eczenas
|
| 650 |
0 |
9 |
|a law enforcement
|z Czechia
|2 eczenas
|
| 650 |
0 |
9 |
|a law enforcement
|z European Union countries
|2 eczenas
|
| 655 |
|
7 |
|a kolektivní monografie
|7 fd501537
|2 czenas
|
| 655 |
|
9 |
|a collective monographs
|2 eczenas
|
| 830 |
|
0 |
|a Beckova edice právní instituty
|0 s
|
| 856 |
4 |
1 |
|u http://www.digitalniknihovna.cz/mzk/uuid/uuid:30af0170-58e8-11e4-8b11-005056827e51
|y Digitalizovaný dokument
|x NDK
|
| 910 |
2 |
|
|a BOA001
|b 2-1243.914
|
| 990 |
|
|
|a BK
|
| 995 |
|
|
|a 01
|
| 991 |
|
|
|b 201006
|c NOV
|
| 996 |
6 |
|
|b 2610438340
|c 2-1243.914
|l MZK
|r Sklad / do 1 hodiny
|n 18
|p p.v.
|w 001123889
|u 000010
|a 1
|e BOA001
|j MZK50
|s P
|
| 996 |
7 |
|
|b 2610441922
|c 2-1243.914
|l Vol.výběr
|r VV 0p
|n 39
|p kup
|h 346 PET
|w 001123889
|u 000020
|a 0
|e BOA001
|j MZK50
|s A
|